Welcome to the Holygrace Academy Library

Please use search bar below to get started

ACADEMIC DICTIONARY OF FORESTRY (Record no. 1400)

MARC details
000 -LEADER
fixed length control field 00314nam a22001337a 4500
020 ## - INTERNATIONAL STANDARD BOOK NUMBER
ISBN 91-8205-254-8
082 ## - DEWEY DECIMAL CLASSIFICATION NUMBER
Classification number 634.9
Item number GHO/D
100 ## - MAIN ENTRY--AUTHOR NAME
Personal name GHOSH, AJAY KUMAR
245 ## - TITLE STATEMENT
Title ACADEMIC DICTIONARY OF FORESTRY
260 ## - PUBLICATION, DISTRIBUTION, ETC. (IMPRINT)
Place of publication DELHI
Name of publisher ISHA BOOKS
Year of publication 2005
300 ## - PHYSICAL DESCRIPTION
Number of Pages 276
650 ## - SUBJECT ADDED ENTRY--TOPICAL TERM
Topical Term BIOLOGY REFERENCE
Geographic subdivision INDIA
942 ## - ADDED ENTRY ELEMENTS (KOHA)
Koha item type Books
Holdings
Withdrawn status Lost status Collection code Home library Current library Shelving location Date acquired Source of acquisition Cost, normal purchase price Full call number Accession Number Koha item type
    Reference Main Library Main Library SHELF-5 D REFERENCEBIOLOGY 24/10/2006 purchase 150.00 634.9 GHO/D 04217 Books